000 01345nam a2200373Ia 4500
003 OSt
005 20221007125006.0
006 a|||||r|||| 00| 0
007 ta
008 221006b |||||||| |||| 00| 0 eng d
020 _a9781788015370 (pbk)
024 _a201885
037 _b15848, 19/01/2022, Intercontinental Book Agency
_cTextual
040 _aCDL
_cCDL
_beng
041 _2eng
_aeng
082 _aE:30aG:55, R0 Carc
100 _aGarrigues Salvador Ed.
_9719276
110 _aRoyal Society of Chemistry
_9714326
245 0 _aChallenges in green analytical chemistry
_b Guardia Miguel da la Ed.
250 _a2
260 _aCroydon
_bRoyal Society of Chemistry United Kingdom
_c2020
300 _axx,378p. Col.ill.
_ccm.
490 _aGreen Chemistry Series no. 66 ISSN 1757-7039
500 _aSubject Index 370-378p.
650 _a Green chemistry
_9713184
650 _a Green Chromatography
_9719275
650 _a Green spectrometry
_9721269
650 _a Green spectroscopy
_9721270
650 _aChemistry
700 _a Guardia Miguel da la Ed.
_9721271
700 _aRoyal Society of Chemistry
_9714330
942 _hE:30aG:55, R0 Carc
_cTEXL
_2CC
999 _c1214479
_d1214479